[Event "ICS rated blitz match"]
[Site "204.178.125.65"]
[Date "2000.02.26"]
[Round "?"]
[White "PostModernist"]
[Black "Hossa"]
[Result "1/2-1/2"]
[WhiteElo "2571"]
[BlackElo "2469"]
[PlyCount "103"]

1. d4 Nf6 2. c4 c5 3. Nf3 cxd4 4. Nxd4 e5 5. Nc2 d5 6. cxd5 Qxd5 7. Qxd5 Nxd5
8. e4 Nb4 9. Bb5+ Bd7 10. Bxd7+ Nxd7 11. Nxb4 Bxb4+ 12. Bd2 Rc8 13. Ke2 Rc2 14.
Rc1 Rxc1 15. Bxc1 Ke7 16. Be3 Rc8 17. a3 Ba5 18. Nd2 Bxd2 19. Kxd2 a5 20. Rc1
Rxc1 21. Kxc1 b5 22. Kc2 Kd6 23. b4 a4 24. g4 Nf6 25. f3 Kc6 26. h4 Ne8 27. Bc5
Nc7 28. Kd3 Ne6 29. Be3 h6 30. h5 Kc7 31. Kd2 Kd7 32. Kc3 Nd8 33. Bc5 Ke6 34.
Kd2 Kf6 35. Kd1 Ne6 36. Be3 g5 37. Ke2 Nd4+ 38. Kf2 Ke6 39. Bd2 f6 40. Be3 Nc2
41. Bc1 Kf7 42. Bb2 Nd4 43. Bc1 Ke7 44. Bd2 Nc2 45. Bc1 Kd6 46. Bb2 Kc7 47. Ke2
Kd6 48. Kd3 Ne1+ 49. Ke2 Nc2 50. Kd3 Ne1+ 51. Ke2 Nc2 52. Kd3 1/2-1/2

[Event "ICS rated bullet match"]
[Site "204.178.125.65"]
[Date "2000.02.26"]
[Round "?"]
[White "Hossa"]
[Black "JudgeTurpin"]
[Result "0-1"]
[WhiteElo "2470"]
[BlackElo "2381"]
[PlyCount "100"]

1. d4 Nf6 2. c4 g6 3. Nc3 Bg7 4. e4 d6 5. Nf3 O-O 6. Be2 c5 7. d5 e6 8. O-O
exd5 9. cxd5 Re8 10. Bg5 h6 11. Bxf6 Bxf6 12. Qd2 h5 13. Qf4 a6 14. Rad1 b5 15.
Bd3 Ra7 16. Qh6 Bg7 17. Qd2 Bg4 18. Qf4 Qf6 19. Qg3 Nd7 20. Rd2 Bh6 21. Rc2 Bf4
22. Qh4 g5 23. Nxg5 Bxg5 24. Qg3 Bf4 25. e5 Rxe5 26. Bh7+ Kxh7 27. Qd3+ Qf5 28.
Qxf5+ Bxf5 29. Re2 b4 30. Rxe5 Bxe5 31. Nd1 Bb1 32. a3 Be4 33. Re1 Nf6 34. axb4
cxb4 35. Re2 Rc7 36. f4 Bd4+ 37. Kf1 Bd3 38. Ke1 Bxe2 39. Kxe2 Bxb2 40. g4 Bc1
41. gxh5 Rc2+ 42. Kf3 b3 43. h4 Rd2 44. Ne3 b2 45. Nc4 Rd3+ 46. Ke2 b1=Q 47.
Kf1 Bxf4+ 48. Kg2 Rg3+ 49. Kf2 Rf3+ 50. Kxf3 Qf1# 0-1

[Event "ICS rated blitz match"]
[Site "204.178.125.65"]
[Date "2000.02.26"]
[Round "?"]
[White "Hossa"]
[Black "PostModernist"]
[Result "1-0"]
[WhiteElo "2474"]
[BlackElo "2566"]
[PlyCount "249"]

1. e4 c6 2. d4 d5 3. Nc3 dxe4 4. Nxe4 Bf5 5. Ng3 Bg6 6. h4 h6 7. Nf3 Nd7 8. h5
Bh7 9. Bd3 Bxd3 10. Qxd3 e6 11. Bd2 Qc7 12. O-O-O Ngf6 13. Ne2 O-O-O 14. Qb3
Kb8 15. c4 Ne4 16. Be3 Be7 17. Qa4 Rhe8 18. Rhe1 Nef6 19. Ne5 Nxe5 20. dxe5 b5
21. Qa6 Nd7 22. Nd4 Nxe5 23. f4 Rxd4 24. Bxd4 Nxc4 25. g3 Bf6 26. b3 Bxd4 27.
Rxd4 Qb6 28. Qxb6+ Nxb6 29. f5 Kc7 30. Kd2 Nd7 31. Rg4 Nf6 32. Rxg7 Rd8+ 33.
Kc1 Rd7 34. fxe6 fxe6 35. Rg6 Nxh5 36. Rexe6 Kb7 37. Re3 Ng7 38. Re5 h5 39.
Reg5 Ne8 40. Rxh5 Nd6 41. Re6 b4 42. Rc5 Kc7 43. Ra5 Kb6 44. Ra4 a5 45. a3 bxa3
46. Rxa3 Nb5 47. Ra4 Rd3 48. Kc2 Rxg3 49. Kb2 Rg2+ 50. Kc1 Nc3 51. Rc4 Na2+ 52.
Kd1 Nb4 53. Rc3 Kb5 54. Re8 Kb6 55. Re2 Rxe2 56. Kxe2 Kb5 57. Kd2 a4 58. bxa4+
Kxa4 59. Rc5 Kb3 60. Ke3 Nc2+ 61. Ke4 Nb4 62. Kd4 Nc2+ 63. Ke5 Nb4 64. Ke4 Ka4
65. Kd4 Kb3 66. Rc3+ Kb2 67. Kc4 Nd5 68. Rf3 Kc2 69. Rf2+ Kd1 70. Kc5 Ke1 71.
Rf7 Ne3 72. Rh7 Kd2 73. Rh2+ Kc3 74. Rh4 Kd3 75. Rd4+ Kc3 76. Rf4 Kd3 77. Rh4
Nf5 78. Ra4 Ne7 79. Ra7 Nd5 80. Ra3+ Ke4 81. Ra8 Nf4 82. Re8+ Kd3 83. Re1 Ng2
84. Rf1 Ke4 85. Rh1 Nf4 86. Kc4 Ke5 87. Re1+ Kd6 88. Rd1+ Nd5 89. Rd2 Kc7 90.
Kc5 Nf6 91. Rg2 Ne4+ 92. Kd4 Nf6 93. Rg6 Nd7 94. Re6 Kb6 95. Kc4 Kc7 96. Rh6
Kb6 97. Rh7 Ne5+ 98. Kd4 Ng4 99. Rf7 c5+ 100. Ke4 Kb5 101. Rf4 Nh6 102. Kd5 c4
103. Rxc4 Ng8 104. Rc7 Nf6+ 105. Ke5 Ng4+ 106. Kd4 Nh6 107. Ke4 Ng4 108. Rg7
Nf2+ 109. Kd4 Kc6 110. Rg2 Nh1 111. Rg1 Nf2 112. Ke3 Nh3 113. Rg3 Nf2 114. Kxf2
Kc5 115. Ke3 Kd5 116. Rg5+ Kc4 117. Rh5 Kc3 118. Rh4 Kc2 119. Rc4+ Kb2 120. Kd2
Kb3 121. Rd4 Kb2 122. Rd3 Kb1 123. Kc3 Ka2 124. Kc2 Ka1 125. Ra3# 1-0

[Event "ICS rated blitz match"]
[Site "204.178.125.65"]
[Date "2000.02.26"]
[Round "?"]
[White "PostModernist"]
[Black "Hossa"]
[Result "1-0"]
[WhiteElo "2546"]
[BlackElo "2494"]
[PlyCount "129"]

1. d4 Nf6 2. c4 e6 3. Nf3 b6 4. Nc3 Bb7 5. a3 d5 6. cxd5 exd5 7. g3 c5 8. Bg2
a6 9. O-O Be7 10. dxc5 bxc5 11. Nh4 Qd7 12. Na4 Qe6 13. Qb3 Ra7 14. Qc2 Nbd7
15. Nf5 Bf8 16. Be3 g6 17. Bxc5 Nxc5 18. Qxc5 Bxc5 19. Ng7+ Ke7 20. Nxe6 Bxf2+
21. Rxf2 fxe6 22. Raf1 Nd7 23. Rf7+ Kd6 24. b4 h6 25. Rc1 Ne5 26. Rg7 Re8 27.
Rcc7 Rg8 28. Nc5 Rxg7 29. Rxg7 Kc6 30. Re7 Nc4 31. Rxe6+ Kb5 32. Re7 Nd6 33.
Bxd5 Kb6 34. Nxb7 Nxb7 35. Re6+ Kb5 36. Bc6+ Kc4 37. Re7 Kb3 38. Rxb7 Rxb7 39.
Bxb7 Kxa3 40. Kf2 Kxb4 41. Ke3 a5 42. Bd5 Kc3 43. g4 a4 44. Kf4 a3 45. g5 hxg5+
46. Kxg5 Kd4 47. Be6 Ke5 48. Bg8 Kd4 49. Kxg6 Ke4 50. h4 Ke3 51. h5 Kd2 52. e4
Kd3 53. e5 Kd4 54. Kf6 Kd3 55. h6 Ke2 56. h7 Kf3 57. h8=Q Kg3 58. e6 a2 59. Qh1
Kf2 60. e7 a1=R 61. Qxa1 Kf3 62. Qf1+ Kg4 63. e8=Q Kh4 64. Qf2+ Kg4 65. Be6#
1-0

[Event "ICS rated standard match"]
[Site "204.178.125.65"]
[Date "2000.02.26"]
[Round "?"]
[White "Hossa"]
[Black "Potzblitz"]
[Result "0-1"]
[WhiteElo "2232"]
[BlackElo "2300"]
[PlyCount "118"]

1. e4 c5 2. Nf3 d6 3. d4 cxd4 4. Nxd4 Nf6 5. Nc3 a6 6. Bg5 e5 7. Nf3 Be7 8. Bd3
O-O 9. Rb1 Nbd7 10. O-O Nc5 11. Re1 Bg4 12. Bxf6 Bxf6 13. Nd5 Rc8 14. c3 Bg5
15. Bc4 b5 16. Be2 Bh6 17. Ra1 Be6 18. Bf1 f5 19. exf5 Rxf5 20. Ne3 Rf7 21. Be2
Qf6 22. Rf1 Bxe3 23. fxe3 Qh6 24. Qd2 Ne4 25. Qc1 Rcf8 26. Bd3 Bd5 27. Bxe4
Bxe4 28. Qd2 Qg6 29. Nh4 Rxf1+ 30. Rxf1 Rxf1+ 31. Kxf1 Qh5 32. Nf3 Bxf3 33.
gxf3 Qxf3+ 34. Kg1 h5 35. a3 g5 36. Qd3 Kg7 37. b3 h4 38. a4 h3 39. Qd2 Qg4+
40. Kf1 Qe4 41. Ke2 Qg2+ 42. Kd1 Qxd2+ 43. Kxd2 bxa4 44. bxa4 g4 45. Kd3 g3 46.
hxg3 h2 47. g4 h1=Q 48. a5 Qd5+ 49. Ke2 Kg6 50. Kf2 Kg5 51. Ke2 Kxg4 52. e4
Qxe4+ 53. Kd2 Kf3 54. Kc1 Qe2 55. Kb1 Qd2 56. c4 e4 57. Ka1 e3 58. Kb1 e2 59.
c5 e1=Q# 0-1

[Event "ICS rated blitz match"]
[Site "204.178.125.65"]
[Date "2000.02.26"]
[Round "?"]
[White "Hossa"]
[Black "PostModernist"]
[Result "0-1"]
[WhiteElo "2480"]
[BlackElo "2560"]
[PlyCount "198"]

1. e4 c6 2. d4 d5 3. exd5 cxd5 4. c4 Nf6 5. Nc3 Nc6 6. Bg5 e6 7. Nf3 Be7 8. Be2
O-O 9. O-O dxc4 10. Bxc4 b6 11. Bb5 Bb7 12. Rc1 Nb4 13. Ne5 Nfd5 14. Bxe7 Qxe7
15. Qa4 Nf4 16. f3 a6 17. Be2 Nbd5 18. Rfe1 Ne3 19. Bf1 b5 20. Qb3 Nf5 21. Ne4
f6 22. Ng4 h5 23. Ngf2 Rad8 24. Nc5 Rfe8 25. d5 Nd4 26. Qc3 e5 27. Qa5 Nxd5 28.
Nfe4 Rc8 29. Nxb7 Qxb7 30. Nd6 Qa7 31. Kh1 Rxc1 32. Rxc1 Rb8 33. Bc4 Qa8 34.
Bxd5+ Qxd5 35. Nc8 Kh7 36. Ne7 Qe6 37. Rc7 Re8 38. Qa3 a5 39. Qc5 Qxa2 40. Qc1
a4 41. Rd7 Qe6 42. Qc7 Qb3 43. Qc1 Qa2 44. h3 Qe6 45. Qc7 Kh6 46. Nd5 Rg8 47.
Ne7 Rf8 48. h4 Re8 49. Qc1+ Kh7 50. Qc7 Qc4 51. Qxc4 bxc4 52. Rb7 Kh6 53. Rc7
Nb5 54. Rb7 Nd6 55. Rd7 e4 56. fxe4 Nxe4 57. Nf5+ Kg6 58. Ne7+ Kf7 59. Nc6+ Kf8
60. Ra7 c3 61. bxc3 Nxc3 62. Kg1 Re4 63. g3 Rg4 64. Ra8+ Kf7 65. Kh2 Ne2 66.
Ra7+ Kg8 67. Ne7+ Kh8 68. Nf5 Nxg3 69. Nxg3 Rxh4+ 70. Kg2 g6 71. Ra8+ Kh7 72.
Ne2 Rc4 73. Rf8 Kg7 74. Ra8 g5 75. Kf1 h4 76. Ke1 h3 77. Kf1 Rg4 78. Ra7+ Kg6
79. Ra8 h2 80. Rh8 a3 81. Nc3 Rg1+ 82. Kf2 h1=Q 83. Rxh1 Rxh1 84. Kg3 Kf5 85.
Na2 Rb1 86. Kf3 Rb3+ 87. Ke2 Rb2+ 88. Kd3 Rxa2 89. Ke3 Rb2 90. Kd4 a2 91. Kd5
a1=Q 92. Kd6 Qa6+ 93. Kd5 Rd2+ 94. Kc5 Rc2+ 95. Kb4 Qc4+ 96. Ka5 Ra2+ 97. Kb6
Ra6+ 98. Kb7 Qc6+ 99. Kb8 Ra8# 0-1

[Event "ICS rated bullet match"]
[Site "204.178.125.65"]
[Date "2000.02.26"]
[Round "?"]
[White "BountyHunter"]
[Black "Hossa"]
[Result "1-0"]
[WhiteElo "2766"]
[BlackElo "2450"]
[PlyCount "91"]

1. d4 d5 2. c4 e6 3. Nc3 Nf6 4. cxd5 exd5 5. Bg5 Be7 6. e3 O-O 7. Qc2 Nbd7 8.
Bd3 b6 9. Nf3 c5 10. Ne5 Qe8 11. Bb5 cxd4 12. exd4 h6 13. Bf4 Bd6 14. O-O Bxe5
15. Bxe5 Qe6 16. Rfe1 a6 17. Bg3 Qg4 18. Bc6 Ra7 19. Qa4 Rd8 20. Nb5 Rb7 21.
Bxb7 Bxb7 22. Nd6 Ba8 23. f3 Qg5 24. Re7 Rf8 25. Qxa6 Qd2 26. Qa3 Qxd4+ 27. Bf2
Qd2 28. Nxf7 Rxf7 29. Qxa8+ Rf8 30. Qa3 b5 31. Rae1 b4 32. Qa7 Rd8 33. Qc7 Ra8
34. Rxd7 Nxd7 35. Qxd7 Rf8 36. a3 b3 37. Qe6+ Kh7 38. Qe5 Kg6 39. Bd4 Rg8 40.
Qe6+ Kh7 41. Qf5+ Kh8 42. Bxg7+ Rxg7 43. Re8+ Rg8 44. Qf6+ Kh7 45. Re7+ Rg7 46.
Qxg7# 1-0

[Event "ICS rated blitz match"]
[Site "204.178.125.65"]
[Date "2000.02.26"]
[Round "?"]
[White "BountyHunter"]
[Black "Hossa"]
[Result "1-0"]
[WhiteElo "2833"]
[BlackElo "2468"]
[PlyCount "79"]

1. d4 Nf6 2. c4 e6 3. Nf3 b6 4. g3 Ba6 5. b3 Bb4+ 6. Bd2 Be7 7. Bg2 c6 8. Bc3
d5 9. Ne5 Nfd7 10. Nxd7 Nxd7 11. O-O h5 12. e3 h4 13. Re1 hxg3 14. hxg3 Bd6 15.
e4 Qg5 16. exd5 cxd5 17. Bxd5 O-O-O 18. Bg2 Qh6 19. Qf3 Rdf8 20. Qc6+ Bc7 21.
Bb4 Nb8 22. Qf3 Rd8 23. Qxf7 Rd7 24. Qxe6 Qh2+ 25. Kf1 b5 26. c5 Rh6 27. Qg4
Bd8 28. d5 Bb7 29. c6 Nxc6 30. Nd2 Kc7 31. Rac1 Rf7 32. dxc6 Bc8 33. Qf4+ Kb6
34. Qb8+ Rb7 35. Qxc8 Qxg2+ 36. Kxg2 Rc7 37. Qb8+ Ka6 38. Rc5 Rh2+ 39. Kxh2 Rf7
40. Qxb5# 1-0

[Event "ICS rated blitz match"]
[Site "204.178.125.65"]
[Date "2000.02.26"]
[Round "?"]
[White "Hossa"]
[Black "HaraldLdahl"]
[Result "1-0"]
[WhiteElo "2465"]
[BlackElo "2109"]
[PlyCount "85"]

1. e4 Nf6 2. e5 Nd5 3. d4 d6 4. Nf3 Bg4 5. Be2 c6 6. Ng5 Bf5 7. Bg4 Qd7 8. Bxf5
Qxf5 9. g4 Qd7 10. exd6 exd6 11. O-O Be7 12. Re1 O-O 13. Qe2 Na6 14. Ne4 Nf6
15. Nxf6+ Bxf6 16. Be3 d5 17. c3 Rae8 18. Nd2 Be7 19. Rad1 Bd6 20. c4 dxc4 21.
Nxc4 Nc7 22. Nxd6 Qxd6 23. b3 Nd5 24. Qf3 Re6 25. Ra1 Rfe8 26. Rab1 R8e7 27.
Rbc1 Qd8 28. Re2 Qe8 29. Rce1 Re4 30. a3 Qd8 31. Bg5 Rxe2 32. Rxe2 f6 33. Bd2
Qe8 34. Rxe7 Qxe7 35. Qf5 g6 36. Qc8+ Kg7 37. h4 h6 38. Bxh6+ Kf7 39. h5 Qe1+
40. Kg2 Qe4+ 41. Kg3 gxh5 42. Qxb7+ Kg6 43. Qg7# 1-0

[Event "ICS rated blitz match"]
[Site "204.178.125.65"]
[Date "2000.02.26"]
[Round "?"]
[White "HaraldLdahl"]
[Black "Hossa"]
[Result "0-1"]
[WhiteElo "2105"]
[BlackElo "2469"]
[PlyCount "73"]

1. e4 c5 2. c3 Nf6 3. e5 Nd5 4. d4 cxd4 5. Nf3 Nc6 6. cxd4 d6 7. a3 Bg4 8. Be2
e6 9. O-O Bxf3 10. Bxf3 dxe5 11. dxe5 Nxe5 12. Bxd5 Qxd5 13. Qxd5 exd5 14. Re1
f6 15. f4 Bc5+ 16. Kf1 O-O 17. fxe5 fxe5+ 18. Ke2 Rae8 19. Be3 d4 20. Bg1 e4
21. Nc3 Re5 22. Nxe4 Rxe4+ 23. Kd3 Rg4 24. Re2 g5 25. Rc1 Bb6 26. Rce1 h5 27.
Kd2 Bd8 28. g3 a5 29. Re4 Bf6 30. Rxg4 hxg4 31. Re4 Kf7 32. Bxd4 Rh8 33. Bxf6
Rxh2+ 34. Kc3 Kxf6 35. Rxg4 Rg2 36. Kc4 Rxb2 37. a4 0-1

[Event "ICS rated blitz match"]
[Site "204.178.125.65"]
[Date "2000.02.26"]
[Round "?"]
[White "Hossa"]
[Black "HaraldLdahl"]
[Result "1-0"]
[WhiteElo "2473"]
[BlackElo "2101"]
[PlyCount "91"]

1. e4 Nf6 2. e5 Nd5 3. d4 d6 4. c4 Nb6 5. exd6 cxd6 6. Nf3 g6 7. Be2 Bg7 8. h3
O-O 9. Nc3 Nc6 10. Be3 Bf5 11. O-O d5 12. cxd5 Nb4 13. Nh4 Bc8 14. Rc1 N4xd5
15. Nf3 Bf5 16. Nxd5 Nxd5 17. Qb3 Nb6 18. Rc5 Be4 19. Ne5 Bd5 20. Qa3 a6 21.
Bf4 e6 22. Qa5 Nd7 23. Nxd7 Qxd7 24. Rc7 Qd8 25. Qb6 Bc6 26. Rd1 Qd5 27. Bf3
Qxa2 28. Bxc6 bxc6 29. Bd6 Rfe8 30. Qxc6 Qd5 31. Qd7 Qf5 32. Ra7 Rad8 33. Qc6
Bf8 34. Bc7 Rc8 35. Rxa6 Re7 36. Ra7 Qd5 37. Qb6 Rd7 38. Bf4 Rxa7 39. Qxa7 Bd6
40. Qd7 Rc6 41. Qd8+ Kg7 42. Bg5 Qf5 43. f4 Bf8 44. Bh6+ Kxh6 45. Qxf8+ Kh5 46.
g4+ 1-0

[Event "ICS rated blitz match"]
[Site "204.178.125.65"]
[Date "2000.02.26"]
[Round "?"]
[White "HaraldLdahl"]
[Black "Hossa"]
[Result "0-1"]
[WhiteElo "2098"]
[BlackElo "2476"]
[PlyCount "138"]

1. e4 e5 2. Nf3 Nc6 3. Nc3 Nf6 4. Bb5 Nd4 5. Nxe5 Qe7 6. Nf3 Nxb5 7. Nxb5 Qxe4+
8. Qe2 Qxe2+ 9. Kxe2 Nd5 10. Re1 a6 11. Nc3 Nxc3+ 12. Kf1+ Be7 13. dxc3 d6 14.
Bg5 f6 15. Bd2 Kf7 16. Re2 Bg4 17. Rae1 Rae8 18. h3 Bxf3 19. gxf3 Bd8 20. Rxe8
Rxe8 21. Rxe8 Kxe8 22. Ke2 f5 23. Kd3 Kd7 24. c4 c6 25. Bc3 g5 26. Bd2 f4 27.
b3 b6 28. Bc3 Ke6 29. Bg7 Bf6 30. Bf8 Be5 31. a4 h5 32. Ke4 Kf7 33. Bh6 Kf6 34.
Bf8 a5 35. Bh6 h4 36. Bf8 Ke6 37. Kd3 Bb2 38. Bh6 Kf6 39. Bf8 Ba3 40. Bh6 d5
41. cxd5 cxd5 42. Kd4 Kg6 43. Bxg5 Kxg5 44. Kxd5 Bc5 45. Ke5 Bxf2 46. c3 Be1
47. c4 Bf2 48. Ke6 Bc5 49. Ke5 Be3 50. Ke6 Bf2 51. Ke5 Be1 52. Ke6 Bg3 53. Ke5
Bh2 54. Ke6 Bg1 55. Ke5 Bc5 56. Ke6 Ba3 57. Ke5 Bb4 58. Ke6 Bc3 59. Kd5 Bd2 60.
Ke6 Bc1 61. Ke5 Bb2+ 62. Ke6 Kg6 63. Kd5 Kf5 64. Kd6 Bd4 65. Kd5 Bc5 66. Kc6
Ke5 67. Kb5 Kd4 68. Kc6 Kc3 69. Kb5 Kxb3 0-1

[Event "ICS rated blitz match"]
[Site "204.178.125.65"]
[Date "2000.02.26"]
[Round "?"]
[White "notradamus"]
[Black "Hossa"]
[Result "0-1"]
[WhiteElo "2084"]
[BlackElo "2479"]
[PlyCount "48"]

1. e4 e5 2. Nf3 Nc6 3. Bc4 Bc5 4. c3 Nf6 5. d4 exd4 6. cxd4 Bb4+ 7. Bd2 Bxd2+
8. Nbxd2 d5 9. exd5 Nxd5 10. O-O O-O 11. Ne4 Re8 12. Nc3 Nxc3 13. bxc3 Bg4 14.
Qd3 Qf6 15. Bd5 Rad8 16. Be4 g6 17. Rfe1 Bd7 18. Qc2 Qf4 19. g3 Qf6 20. Bxc6
Bxc6 21. Ne5 Rxe5 22. Rxe5 Qf3 23. d5 Rxd5 24. Re3 Rd1+ 0-1

[Event "ICS rated blitz match"]
[Site "204.178.125.65"]
[Date "2000.02.26"]
[Round "?"]
[White "Hossa"]
[Black "Beadle"]
[Result "0-1"]
[WhiteElo "2482"]
[BlackElo "2601"]
[PlyCount "126"]

1. e4 e5 2. Nf3 Nc6 3. Bb5 a6 4. Ba4 Nf6 5. O-O d6 6. d4 Bd7 7. Bg5 b5 8. Bb3
exd4 9. Nxd4 Nxd4 10. Qxd4 c5 11. Bxf6 gxf6 12. Bxf7+ Kxf7 13. Qd5+ Be6 14.
Qh5+ Kg7 15. Rd1 Qe8 16. Qh4 Qg6 17. Nc3 Qg5 18. Qxg5+ fxg5 19. Rd2 Kf7 20. Rd3
b4 21. Na4 Rb8 22. Rd2 Be7 23. Kh1 Rhd8 24. b3 Bf6 25. Rad1 Ke7 26. Kg1 Be5 27.
Rb1 Rf8 28. Rbd1 Rf4 29. Re1 Bd7 30. g3 Rf7 31. Red1 Bxa4 32. bxa4 Rbf8 33. a5
Rf3 34. Kg2 Ra3 35. h4 gxh4 36. Rh1 hxg3 37. Rxh7+ Ke8 38. Ra7 gxf2 39. Ra8+
Ke7 40. Rxf8 Kxf8 41. Kxf2 Rxa5 42. Ke3 Rxa2 43. Kd3 a5 44. Rf2+ Ke7 45. Rf5
c4+ 46. Kxc4 Rxc2+ 47. Kb5 b3 48. Rf1 b2 49. Rb1 Rc1 50. Rxb2 Rc5+ 51. Ka4 Bxb2
52. Kb3 Bd4 53. Ka3 Rc4 54. Kb3 Rb4+ 55. Kc2 a4 56. Kd3 a3 57. Ke2 a2 58. e5
a1=Q 59. exd6+ Kf7 60. d7 Qa6+ 61. Kf3 Qd3+ 62. Kg2 Rb2+ 63. Kh1 Qd1# 0-1

[Event "ICS rated blitz match"]
[Site "204.178.125.65"]
[Date "2000.02.26"]
[Round "?"]
[White "Beadle"]
[Black "Hossa"]
[Result "1-0"]
[WhiteElo "2612"]
[BlackElo "2471"]
[PlyCount "127"]

1. e4 c5 2. Nf3 d6 3. d4 cxd4 4. Nxd4 Nf6 5. Nc3 g6 6. Be3 Bg7 7. f3 O-O 8. Qd2
Nc6 9. g4 Bd7 10. O-O-O Rc8 11. Nxc6 bxc6 12. Bxa7 Qa5 13. Bd4 Ra8 14. g5 Nh5
15. Bxg7 Nxg7 16. Rg1 Rfb8 17. Bc4 Be6 18. Bb3 Bxb3 19. cxb3 Ne6 20. Rg4 Qc5
21. Kb1 Rb4 22. Na4 Qb5 23. Qc3 c5 24. Re1 Ra7 25. Re3 Nd4 26. e5 Ra8 27. Qd3
Qc6 28. exd6 Qxd6 29. Qd1 Rd8 30. Rge4 e6 31. Rc3 Qxh2 32. Nxc5 e5 33. Qe1 Qg2
34. Rxe5 Rbb8 35. f4 Nf3 36. Qe2 Qg1+ 37. Rc1 Qg4 38. Re3 Qf5+ 39. Ne4 Nd2+ 40.
Ka1 Ra8 41. a3 Nxe4 42. Rxe4 Rf8 43. Rc7 Qd5 44. Qc4 Qd1+ 45. Ka2 Rad8 46. b4
Qg1 47. b5 Qf2 48. Ree7 Qd4 49. Qxd4 Rxd4 50. b6 Rxf4 51. b7 Rf5 52. a4 Rf4 53.
Ka3 Rd4 54. Rc8 Rd3+ 55. Ka2 Rdd8 56. Rec7 h6 57. Rxd8 Rxd8 58. Rc8 hxg5 59.
Rxd8+ Kg7 60. b8=Q g4 61. Qe5+ f6 62. Rd7+ Kh6 63. Qxf6 g3 64. Qh4# 1-0

[Event "ICS rated bullet match"]
[Site "204.178.125.65"]
[Date "2000.02.26"]
[Round "?"]
[White "Hossa"]
[Black "Beadle"]
[Result "0-1"]
[WhiteElo "2446"]
[BlackElo "2343"]
[PlyCount "82"]

1. c4 g6 2. Nc3 c5 3. d4 cxd4 4. Qxd4 Nf6 5. Nf3 Nc6 6. Qh4 d6 7. Bd2 Bg7 8. e4
Ng4 9. h3 Nge5 10. Nxe5 Bxe5 11. O-O-O Nb4 12. Nd5 Nxd5 13. exd5 Bf5 14. Bf4
Bf6 15. Qg3 Qb6 16. Rd2 Rc8 17. Qe3 Rc5 18. g4 Bd7 19. g5 Bg7 20. Bd3 Kd8 21.
Rc2 Qb4 22. Qe2 Qa4 23. Re1 Re8 24. Be3 Qxa2 25. Bxc5 dxc5 26. Qf3 f5 27. Rce2
Qa1+ 28. Bb1 Bd4 29. Qb3 b6 30. Qa2 Qxa2 31. Bxa2 f4 32. h4 b5 33. cxb5 Bxb5
34. Rc2 f3 35. Rh1 Rf8 36. h5 Rf5 37. hxg6 hxg6 38. Rh3 Be2 39. Rh2 Rxg5 40.
Bb3 Rg1+ 41. Kd2 Rd1# 0-1

[Event "ICS rated bullet match"]
[Site "204.178.125.65"]
[Date "2000.02.26"]
[Round "?"]
[White "Beadle"]
[Black "Hossa"]
[Result "1-0"]
[WhiteElo "2364"]
[BlackElo "2425"]
[PlyCount "103"]

1. e4 e5 2. Nf3 Nc6 3. Bb5 a6 4. Ba4 Nf6 5. O-O Be7 6. Re1 b5 7. Bb3 O-O 8. h3
a5 9. Bd5 Bd6 10. d4 Nxd5 11. exd5 Nxd4 12. Nxe5 f6 13. Ng4 c5 14. c3 Nf5 15.
Nd2 Re8 16. Ne4 Kf8 17. Nxd6 Rxe1+ 18. Qxe1 Nxd6 19. Bf4 Nf5 20. Qe2 b4 21. Re1
g5 22. Bc7 Ba6 23. Qxa6 Rxa6 24. Bxd8 Kg7 25. Re4 bxc3 26. bxc3 h5 27. Ne3 Nxe3
28. fxe3 Rd6 29. c4 Ra6 30. Be7 f5 31. Re5 Kg6 32. Bxc5 Ra8 33. Bd4 Rb8 34. Re7
Rb7 35. Rg7+ Kh6 36. Rf7 h4 37. Rxf5 Kg6 38. Rf6+ Kh5 39. c5 Rb4 40. Rf7 Rb7
41. c6 Rb1+ 42. Rf1 Rb8 43. cxd7 Rd8 44. Rf7 Rb8 45. Rh7+ Kg6 46. Rh8 Rb1+ 47.
Kf2 Rd1 48. d8=Q Rd2+ 49. Ke1 Rd1+ 50. Kxd1 Kf5 51. Qe8 a4 52. Qe6# 1-0

[Event "ICS rated bullet match"]
[Site "204.178.125.65"]
[Date "2000.02.26"]
[Round "?"]
[White "Hossa"]
[Black "Beadle"]
[Result "0-1"]
[WhiteElo "2406"]
[BlackElo "2383"]
[PlyCount "66"]

1. e4 c5 2. c3 e6 3. d4 d5 4. exd5 exd5 5. Nf3 a6 6. Be3 c4 7. b3 b5 8. Qe2 Bd6
9. Bh6+ Kf8 10. Bc1 Nc6 11. Bg5 f6 12. Bh4 Ra7 13. Qd2 Re7+ 14. Be2 Qe8 15. Bg3
Bxg3 16. hxg3 Bf5 17. bxc4 bxc4 18. Na3 Bd3 19. Ng1 h5 20. Kf1 Be4 21. Nf3 Nh6
22. Rh3 Bf5 23. Rh2 Rxe2 24. Qf4 Bd3 25. Kg1 Qe7 26. Qc1 Ng4 27. Rh3 Rxf2 28.
Nxc4 Rxg2+ 29. Kxg2 Qe2+ 30. Kg1 Qf2+ 31. Kh1 Qxf3+ 32. Kg1 Qf2+ 33. Kh1 Be4#
0-1

[Event "ICS rated standard match"]
[Site "204.178.125.65"]
[Date "2000.02.26"]
[Round "?"]
[White "Esen"]
[Black "Hossa"]
[Result "0-1"]
[WhiteElo "1962"]
[BlackElo "2220"]
[PlyCount "54"]

1. d4 Nf6 2. Bf4 g6 3. e3 Nc6 4. Nf3 d6 5. c3 Bg7 6. Bb5 O-O 7. Bxc6 bxc6 8.
O-O Re8 9. Bg5 Nd7 10. Bh4 c5 11. Qd2 cxd4 12. cxd4 Bb7 13. Nc3 Bxf3 14. gxf3
c5 15. dxc5 Nxc5 16. b3 Qc8 17. Rac1 Qh3 18. Bg3 Bxc3 19. Rxc3 Ne6 20. Rfc1 Ng5
21. Qe2 e5 22. Rc7 d5 23. f4 exf4 24. Bxf4 Ne6 25. Qa6 Nxc7 26. Rxc7 Qg4+ 27.
Kf1 Rec8 0-1

[Event "ICS Rated standard match"]
[Site "204.178.125.65"]
[Date "2000.02.26"]
[Round "?"]
[White "Hossa"]
[Black "Alex72"]
[Result "1-0"]
[WhiteElo "2226"]
[BlackElo "1883"]
[PlyCount "85"]

1. d4 Nf6 2. c4 e6 3. Nf3 Bb4+ 4. Bd2 Be7 5. g3 O-O 6. Bg2 d5 7. cxd5 exd5 8.
O-O Nbd7 9. Nc3 c6 10. Qc2 Re8 11. Rfc1 Nb6 12. Bg5 h6 13. Bf4 Bd6 14. Bxd6
Qxd6 15. e3 Ne4 16. Nxe4 dxe4 17. Ne5 f5 18. Bf1 Be6 19. Be2 Nd5 20. Bc4 Kh7
21. Qb3 b5 22. Bxd5 Bxd5 23. Qc3 Rac8 24. Qa5 Re7 25. b4 g5 26. Qa6 Qc7 27. Rc5
Qb7 28. Qa3 a6 29. Qc1 Kg7 30. Qc2 Kf6 31. Rc1 h5 32. Rxd5 cxd5 33. Qxc8 Qxc8
34. Rxc8 Kg7 35. Rc5 f4 36. exf4 gxf4 37. gxf4 Kf6 38. Rxd5 Rg7+ 39. Kf1 Kf5
40. Nd3+ Kf6 41. Nc5 h4 42. Nxe4+ Ke6 43. Re5+ 1-0

[Event "ICS rated standard match"]
[Site "204.178.125.65"]
[Date "2000.02.26"]
[Round "?"]
[White "Alex72"]
[Black "Hossa"]
[Result "0-1"]
[WhiteElo "1879"]
[BlackElo "2230"]
[PlyCount "66"]

1. e4 c5 2. Nf3 d6 3. Bb5+ Nd7 4. O-O Ngf6 5. Re1 a6 6. Bf1 b6 7. d4 cxd4 8.
Nxd4 Bb7 9. Nc3 e6 10. f4 Nc5 11. e5 Nfe4 12. Nxe4 Nxe4 13. Nf3 dxe5 14. Qxd8+
Rxd8 15. Nxe5 Nd2 16. Bxd2 Rxd2 17. Re2 Bc5+ 18. Kh1 Rd5 19. c4 Rd8 20. a3 f6
21. Ng4 Kf7 22. b4 Bd6 23. Rf2 Be7 24. Re1 Rd4 25. h3 Bd6 26. Ne5+ Ke7 27. Nd3
Rxc4 28. Nc5 Bxc5 29. Bxc4 Bxf2 30. Rxe6+ Kd7 31. Kh2 Rc8 32. Re2 Bg1+ 33. Kxg1
Rxc4 0-1

[Event "ICS rated standard match"]
[Site "204.178.125.65"]
[Date "2000.02.26"]
[Round "?"]
[White "Hossa"]
[Black "manuelconj"]
[Result "1-0"]
[WhiteElo "2234"]
[BlackElo "1856"]
[PlyCount "75"]

1. e4 c5 2. Nf3 d6 3. d4 cxd4 4. Nxd4 Nf6 5. Nc3 g6 6. Be3 Bg7 7. f3 O-O 8. Qd2
Nc6 9. Bc4 Ne5 10. Bb3 Bd7 11. Bh6 Rc8 12. O-O Nc4 13. Bxc4 Rxc4 14. Nb3 b5 15.
Bxg7 Kxg7 16. a3 Qb6+ 17. Rf2 Rfc8 18. Qg5 a5 19. e5 dxe5 20. Qxe5 Be6 21. Rd1
b4 22. Na4 Qc7 23. Qxc7 R8xc7 24. Nxa5 Rxc2 25. Rxc2 Rxc2 26. axb4 Nd5 27. b5
Ne3 28. Rd3 Nxg2 29. Rc3 Rd2 30. Nb3 Re2 31. Nd4 Rd2 32. Nxe6+ fxe6 33. b6 Ne1
34. b7 Nxf3+ 35. Rxf3 Rd8 36. Nc5 Rb8 37. Nxe6+ Kh6 38. Rh3# 1-0

[Event "ICS rated standard match"]
[Site "204.178.125.65"]
[Date "2000.02.26"]
[Round "?"]
[White "manuelconj"]
[Black "Hossa"]
[Result "0-1"]
[WhiteElo "1853"]
[BlackElo "2237"]
[PlyCount "92"]

1. e4 e5 2. Nf3 Nc6 3. Bb5 a6 4. Ba4 Nf6 5. O-O Be7 6. c3 Nxe4 7. Re1 Nc5 8.
Bxc6 dxc6 9. d4 exd4 10. Nxd4 O-O 11. Qe2 Bf6 12. Be3 Ne6 13. Nf5 Re8 14. Na3
Nf4 15. Qg4 Nd5 16. Rad1 b6 17. c4 Bxf5 18. Qxf5 Ne7 19. Qf3 Qc8 20. Rd2 Qf5
21. Qxf5 Nxf5 22. b3 Bc3 23. Nb1 Bb4 24. Rde2 Bxe1 25. Rxe1 Rad8 26. Kf1 Nxe3+
27. fxe3 Rd3 28. Kf2 c5 29. Re2 Red8 30. e4 R8d7 31. e5 Rd1 32. Nc3 Rh1 33. h3
Rc1 34. Nd5 b5 35. Rd2 Kf8 36. Re2 bxc4 37. bxc4 Rxc4 38. Ne3 Re4 39. Rb2 Rxe5
40. Rb8+ Re8 41. Rb2 Rd6 42. Rc2 Re5 43. g4 Rf6+ 44. Ke2 Rh6 45. Kf3 Rxh3+ 46.
Kf4 Rhxe3 0-1